Until August / (Record no. 492681)
[ view plain ]
| 000 -LEADER | |
|---|---|
| fixed length control field | 01051nam a22002177a 4500 |
| 003 - CONTROL NUMBER IDENTIFIER | |
| control field | OSt |
| 005 - DATE AND TIME OF LATEST TRANSACTION | |
| control field | 20260511155311.0 |
| 008 - FIXED-LENGTH DATA ELEMENTS--GENERAL INFORMATION | |
| fixed length control field | 260511b |||||||| |||| 00| 0 eng d |
| 020 ## - INTERNATIONAL STANDARD BOOK NUMBER | |
| International Standard Book Number | 9780241703779 |
| 040 ## - CATALOGING SOURCE | |
| Original cataloging agency | Kenya National Library Service |
| 082 ## - DEWEY DECIMAL CLASSIFICATION NUMBER | |
| Classification number | 863.64 MAR |
| 100 ## - MAIN ENTRY--PERSONAL NAME | |
| Personal name | Marquez, Gabriel Garcia |
| 245 ## - TITLE STATEMENT | |
| Title | Until August / |
| Statement of responsibility, etc. | Gabriel Garcia Marquez ; translated from the Spanish by Anne McLean. |
| 300 ## - PHYSICAL DESCRIPTION | |
| Extent | ix, 129 pages ; |
| Dimensions | 20 cm |
| 520 ## - SUMMARY, ETC. | |
| Summary, etc. | The novel follows Ana Magdalena Bach, a married woman who travels each year to a Caribbean island to visit her mother’s grave. During one of these annual trips, Ana begins an unexpected romantic encounter that awakens new emotions and desires within her. As the years pass, the journeys become moments of reflection, freedom, and self-discovery, leading her to question marriage, identity, aging, and personal fulfillment. |
| 650 ## - SUBJECT ADDED ENTRY--TOPICAL TERM | |
| Topical term or geographic name entry element | Spanish fiction |
| 700 ## - ADDED ENTRY--PERSONAL NAME | |
| Personal name | McLean, Anne |
| Relator term | translator |
| 942 ## - ADDED ENTRY ELEMENTS (KOHA) | |
| Source of classification or shelving scheme | Dewey Decimal Classification |
| Koha item type | Books |
| Suppress in OPAC | No |
| Withdrawn status | Source of classification or shelving scheme | Damaged status | Not for loan | Home library | Current library | Date acquired | Source of acquisition | Cost, normal purchase price | Total checkouts | Full call number | Barcode | Date last seen | Price effective from | Koha item type |
|---|---|---|---|---|---|---|---|---|---|---|---|---|---|---|
| Dewey Decimal Classification | Information Access | Acquisition, Cataloguing, Classification and Distribution Development | 05/11/2026 | BAI | 2124.00 | 863.64 MAR | B232532 | 05/11/2026 | 05/11/2026 | Books |
